MyGZULibrary

A history of Western philosophy (Record no. 644)

MARC details
000 -LEADER
fixed length control field 00885cam a2200265 4500
001 - CONTROL NUMBER
control field 2652560
003 - CONTROL NUMBER IDENTIFIER
control field GZU
005 - DATE AND TIME OF LATEST TRANSACTION
control field 20200909122016.0
008 - FIXED-LENGTH DATA ELEMENTS--GENERAL INFORMATION
fixed length control field 691010s1969 nyu b 001 0 eng
010 ## - LIBRARY OF CONGRESS CONTROL NUMBER
LC control number 69014397
020 ## - INTERNATIONAL STANDARD BOOK NUMBER
International Standard Book Number 9780155383135
040 ## - CATALOGING SOURCE
Original cataloging agency DLC
Transcribing agency DLC
Modifying agency DLC
050 00 - LIBRARY OF CONGRESS CALL NUMBER
Classification number B72
Item number .JON 1969
100 1# - MAIN ENTRY--PERSONAL NAME
Personal name Jones, W. T.
Fuller form of name (William Thomas),
Dates associated with a name 1910-
Relator term author
245 12 - TITLE STATEMENT
Title A history of Western philosophy
Statement of responsibility, etc. [by] W. T. Jones.
250 ## - EDITION STATEMENT
Edition statement 2d ed.
260 ## - PUBLICATION, DISTRIBUTION, ETC.
Place of publication, distribution, etc. New York,
Name of publisher, distributor, etc. Harcourt, Brace & World
Date of publication, distribution, etc. [1969]
300 ## - PHYSICAL DESCRIPTION
Extent 4 v.
Dimensions 23 cm.
500 ## - GENERAL NOTE
General note Includes bibliographical references.
504 ## - BIBLIOGRAPHY, ETC. NOTE
Bibliography, etc. note Includes bibliographical references.
505 0# - FORMATTED CONTENTS NOTE
Formatted contents note 1. The classical mind.--2. The medieval mind.--3. Hobbes to Hume.--4. Kant to Wittgenstein and Sartre.
650 #0 - SUBJECT ADDED ENTRY--TOPICAL TERM
Topical term or geographic name entry element Philosophy
General subdivision History.
906 ## - LOCAL DATA ELEMENT F, LDF (RLIN)
a 7
b cbc
c orignew
d u
e ncip
f 19
g y-gencatlg
942 ## - ADDED ENTRY ELEMENTS (KOHA)
Source of classification or shelving scheme Library of Congress Classification
Koha item type Books
Classification part 72
Item part JON
Call number prefix B
Holdings
Withdrawn status Lost status Source of classification or shelving scheme Damaged status Not for loan Collection code Home library Current library Shelving location Date acquired Total Checkouts Full call number Barcode Date last seen Copy number Price effective from Koha item type
    Library of Congress Classification     Non-fiction City Campus Library City Campus Library General Stacks 05/12/2015   B72 JON 1969 000077 12/10/2024 c. 1 09/09/2020 Books